[Event "World Blitz 2023"]
[Site "Samarkand UZB"]
[Date "2023.12.29"]
[EventDate "2023.12.29"]
[Round "8.77"]
[Result "1/2-1/2"]
[White "Miraziz Kuziev"]
[Black "Danis Kuandykuly"]
[WhiteElo "2196"]
[BlackElo "1718"]
[PlyCount "124"]

1. d4 Nf6 2. c4 e6 3. Nc3 Bb4 4. e3 O-O 5. Bd2 d5 6. Nf3 c5 7. a3 Bxc3 8.
Bxc3 cxd4 9. Nxd4 Nc6 10. Nxc6 bxc6 11. Bd3 Ba6 12. cxd5 Bxd3 13. Qxd3 Qxd5
14. Qxd5 cxd5 15. Ke2 Rfc8 16. Rac1 Kf8 17. Bd4 Ke7 18. f3 Kd6 19. b4 e5
20. Rxc8 Rxc8 21. Bxa7 Rc2+ 22. Kd3 Rxg2 23. a4 e4+ 24. fxe4 Nxe4 25. Bc5+
Kc6 26. Kd4 f6 27. b5+ Kd7 28. Kxd5 Nc3+ 29. Kc4 Nxa4 30. Bd4 Kc7 31. Kb3
Nb6 32. Ra1 Kb7 33. Ra6 Nd7 34. Ra7+ Kc8 35. Kc4 Rg1 36. Kd5 Rb1 37. Kd6
Nb8 38. b6 Rc1 39. b7+ Kd8 40. Bb6+ Ke8 41. Bc5 Rb1 42. Kc7 Nd7 43. Ra8+
Kf7 44. Bd4 Rb3 45. Rd8 Ke6 46. Rxd7 Rxb7+ 47. Kxb7 Kxd7 48. Kb6 Kd6 49.
Kb5 Kd5 50. Kb4 Ke4 51. Bb6 f5 52. Kc3 f4 53. exf4 Kxf4 54. Kd3 Kf3 55. Kd4
g5 56. Bc7 h5 57. Bd8 Kg2 58. Bc7 Kf3 59. Kd3 h4 60. Bd8 Kg2 61. Bc7 g4 62.
Ke3 g3 1/2-1/2

[Event "World Blitz 2023"]
[Site "Samarkand UZB"]
[Date "2023.12.29"]
[EventDate "2023.12.29"]
[Round "8.78"]
[Result "1/2-1/2"]
[White "Nikolay Tregubenko"]
[Black "Khalil Nafri"]
[WhiteElo "1955"]
[BlackElo "2151"]
[PlyCount "132"]

1. e4 c5 2. Nf3 Nc6 3. d4 cxd4 4. Nxd4 Nf6 5. Nc3 e5 6. Ndb5 d6 7. Bg5 a6
8. Na3 b5 9. Nd5 Be7 10. Bxf6 Bxf6 11. c3 O-O 12. Nc2 Bg5 13. a4 bxa4 14.
Rxa4 a5 15. Bc4 Be6 16. Nce3 Rb8 17. b3 Bxe3 18. Nxe3 Qc7 19. O-O Rfd8 20.
Nd5 Qd7 21. Qd3 Kh8 22. g3 f5 23. exf5 Bxf5 24. Qe3 Be6 25. Rd1 Ne7 26.
Rxa5 Bxd5 27. Bxd5 Nxd5 28. Raxd5 Rxb3 29. Rxd6 Qxd6 30. Rxd6 Rxd6 31. Qxe5
Rd8 32. c4 Rbb8 33. c5 Rdc8 34. Qd6 Rb1+ 35. Kg2 Rc1 36. h4 R1xc5 37. g4 h6
38. Kg3 Rc3+ 39. f3 R3c6 40. Qd7 R6c7 41. Qd4 Rc4 42. Qe5 R4c5 43. Qa1 Rc1
44. Qb2 R1c2 45. Qb1 Rc1 46. Qb5 R1c5 47. Qf1 Rc1 48. Qg2 R1c2 49. Qh3 R2c3
50. g5 Rxf3+ 51. Kxf3 Rc3+ 52. Kg2 Rxh3 53. Kxh3 hxg5 54. hxg5 Kh7 55. Kh4
Kg6 56. Kg4 Kf7 57. Kf5 Kf8 58. Ke5 Ke7 59. Kf5 Kf7 60. g6+ Kf8 61. Ke6 Ke8
62. Kd6 Kd8 63. Kd5 Kd7 64. Ke5 Ke7 65. Kf5 Kd6 66. Ke4 1/2-1/2

[Event "World Blitz 2023"]
[Site "Samarkand UZB"]
[Date "2023.12.29"]
[EventDate "2023.12.29"]
[Round "8.79"]
[Result "0-1"]
[White "Mustafokhuja Khusenkhojaev"]
[Black "O`Gorman, Tom"]
[WhiteElo "2082"]
[BlackElo "2288"]
[PlyCount "58"]

1. d4 Nf6 2. Nf3 g6 3. c4 Bg7 4. Nc3 d6 5. g3 O-O 6. Bg2 Nc6 7. O-O Rb8 8.
Bf4 a6 9. Rc1 Bd7 10. Qd2 b5 11. Nd5 e6 12. Nxf6+ Qxf6 13. cxb5 axb5 14.
Bg5 Qf5 15. Nh4 Qg4 16. Bxc6 Bxc6 17. Rxc6 Bxd4 18. Rxc7 Bc5 19. Bf6 Qh5
20. Qg5 Qxg5 21. Bxg5 Ra8 22. a3 Rfb8 23. Bf6 b4 24. axb4 Rxb4 25. Nf3 Re4
26. Ng5 Rxe2 27. Nxf7 Ra4 28. Nh6+ Kf8 29. Rc8# 0-1

[Event "World Blitz 2023"]
[Site "Samarkand UZB"]
[Date "2023.12.29"]
[EventDate "2023.12.29"]
[Round "9.1"]
[Result "1-0"]
[White "Magnus Carlsen"]
[Black "Subramaniyam H Bharath"]
[WhiteElo "2887"]
[BlackElo "2435"]
[PlyCount "84"]

1. b3 d5 2. Nf3 Nf6 3. Bb2 c5 4. e3 Nc6 5. Bb5 Bd7 6. O-O a6 7. Bxc6 Bxc6
8. Ne5 Rc8 9. d3 e6 10. Nd2 Be7 11. f4 O-O 12. Rf3 d4 13. Nxc6 Rxc6 14. e4
b5 15. a4 e5 16. Bc1 Nd7 17. Nf1 c4 18. axb5 axb5 19. bxc4 bxc4 20. Ng3 g6
21. Ne2 Qc7 22. f5 cxd3 23. cxd3 Rc8 24. Bd2 Rc2 25. Rf1 Qc6 26. Ng3 Qb5
27. fxg6 hxg6 28. Qf3 Qb3 29. Bh6 Qe6 30. h3 R2c3 31. Ne2 Rc2 32. Kh1 Nc5
33. Ra7 Ra2 34. Rxa2 Qxa2 35. Bd2 Qb3 36. Bb4 Rf8 37. Bxc5 Bxc5 38. Ng1 Qe6
39. Qg3 Rc8 40. Nf3 f6 41. Qxg6+ Kf8 42. Ng5 1-0

[Event "World Blitz 2023"]
[Site "Samarkand UZB"]
[Date "2023.12.29"]
[EventDate "2023.12.29"]
[Round "9.2"]
[Result "1/2-1/2"]
[White "Vladislav Artemiev"]
[Black "Ian Nepomniachtchi"]
[WhiteElo "2799"]
[BlackElo "2795"]
[PlyCount "76"]

1. d4 Nf6 2. c4 e6 3. Nf3 d5 4. Nc3 c5 5. e3 Nc6 6. cxd5 exd5 7. Bb5 cxd4
8. Nxd4 Bd7 9. Nf3 Be6 10. Qa4 Qc7 11. O-O Bd6 12. Be2 Qe7 13. Nb5 Bc5 14.
b3 O-O 15. Ba3 b6 16. Nfd4 Nxd4 17. exd4 Bxa3 18. Qxa3 Qxa3 19. Nxa3 Rfc8
20. Ba6 Rd8 21. Rac1 Ne8 22. Nb5 Kf8 23. f3 Bc8 24. Bxc8 Rdxc8 25. Kf2 Ke7
26. Ke3 Nd6 27. Nc7 Nc4+ 28. Rxc4 dxc4 29. Nxa8 cxb3 30. Nxb6 axb6 31. axb3
Rc3+ 32. Ke4 Rxb3 33. Ra1 Rb2 34. Ra7+ Kf6 35. Rb7 Rxg2 36. Rxb6+ Ke7 37.
Rb7+ Kf6 38. Rb6+ 1/2-1/2

[Event "World Blitz 2023"]
[Site "Samarkand UZB"]
[Date "2023.12.29"]
[EventDate "2023.12.29"]
[Round "9.4"]
[Result "1/2-1/2"]
[White "Richard Rapport"]
[Black "Sanan Sjugirov"]
[WhiteElo "2748"]
[BlackElo "2569"]
[PlyCount "138"]

1. e4 c5 2. Nf3 d6 3. Bc4 Nf6 4. d3 Nc6 5. O-O g6 6. Re1 Bg7 7. a4 O-O 8.
c3 d5 9. exd5 Nxd5 10. a5 e6 11. Bg5 Qc7 12. a6 Nb6 13. axb7 Bxb7 14. Ba6
Bxa6 15. Rxa6 c4 16. dxc4 Qb7 17. Ra2 Nxc4 18. Qe2 Qb3 19. Ra6 N6a5 20. Be7
Qb7 21. Bxf8 Rxf8 22. Rxa5 Nxa5 23. b4 Nc6 24. b5 Na5 25. c4 Rc8 26. Nbd2
a6 27. Rb1 axb5 28. cxb5 Qb6 29. g3 h6 30. h4 Rc2 31. Qd3 Rc5 32. Qe3 Qc7
33. b6 Rc1+ 34. Kg2 Qc6 35. Rxc1 Qxc1 36. Qe4 Qc6 37. Qxc6 Nxc6 38. g4 Kf8
39. g5 hxg5 40. hxg5 Ke7 41. Ne4 Kd7 42. Nc5+ Kd6 43. Na6 Na5 44. Nc7 Kc6
45. Ne8 Bc3 46. Ng1 Nb7 47. Ne2 Be5 48. f4 Bb2 49. Ng3 Kxb6 50. Ne4 Kc6 51.
N8f6 Bxf6 52. gxf6 Kd7 53. Kf3 Nd6 54. Ng5 Ke8 55. Nh7 Nf5 56. Ke4 Nd6+ 57.
Ke5 Nc4+ 58. Ke4 Nb6 59. Ke5 Nd5 60. Ng5 Nb4 61. Nh7 Nd3+ 62. Ke4 Nc5+ 63.
Kd4 Nd7 64. Ke4 Kd8 65. Kd4 Kc7 66. Ng5 Nxf6 67. Nxf7 Nd5 68. Ke5 Nxf4 69.
Kxf4 1/2-1/2

[Event "World Blitz 2023"]
[Site "Samarkand UZB"]
[Date "2023.12.29"]
[EventDate "2023.12.29"]
[Round "9.5"]
[Result "1-0"]
[White "Vachier-Lagrave, Maxime"]
[Black "Zhamsaran Tsydypov"]
[WhiteElo "2748"]
[BlackElo "2626"]
[PlyCount "110"]

1. e4 c5 2. Nf3 d6 3. d4 cxd4 4. Nxd4 Nf6 5. Nc3 a6 6. Bd3 g6 7. f3 Bg7 8.
Be3 O-O 9. Qd2 Nc6 10. O-O-O d5 11. Nxc6 bxc6 12. Bh6 Rb8 13. Bxg7 Kxg7 14.
Kb1 Qb6 15. b3 e5 16. h4 h5 17. g4 Be6 18. g5 Nd7 19. f4 exf4 20. exd5 cxd5
21. Qxf4 Qc5 22. Na4 Qa5 23. Qd4+ Kh7 24. a3 Rfc8 25. Rhe1 Rc6 26. Re3 Nc5
27. Nxc5 Qxc5 28. Qxc5 Rxc5 29. Kb2 a5 30. Rf1 Kg7 31. Rf4 Rc6 32. Ra4 Rc5
33. Rd4 Rb6 34. c3 Rb8 35. b4 axb4 36. cxb4 Ra5 37. Bc2 Rab5 38. Ba4 R5b6
39. Bb3 R8b7 40. Red3 Bf5 41. Rd2 Re7 42. a4 Rb8 43. b5 Be4 44. Bxd5 Bxd5
45. Rxd5 Re4 46. R5d4 Re6 47. Rb4 Kf8 48. Rd3 Re2+ 49. Ka3 Re1 50. b6 Ke7
51. b7 Rc1 52. Kb2 Rc5 53. Rdb3 Ke6 54. Rb5 Rc4 55. a5 1-0

[Event "World Blitz 2023"]
[Site "Samarkand UZB"]
[Date "2023.12.29"]
[EventDate "2023.12.29"]
[Round "9.6"]
[Result "0-1"]
[White "Vahap Sanal"]
[Black "Sarin Nihal"]
[WhiteElo "2637"]
[BlackElo "2689"]
[PlyCount "138"]

1. e4 e5 2. Nf3 Nc6 3. Bc4 Bc5 4. d3 Nf6 5. O-O d6 6. h3 h6 7. c3 Bb6 8.
Re1 g5 9. Nh2 Rg8 10. Be3 g4 11. h4 g3 12. fxg3 Rxg3 13. Bxb6 axb6 14. Nd2
Qe7 15. Ndf1 Rg8 16. Qf3 Ng4 17. b4 Bd7 18. a4 Rg7 19. Nxg4 Bxg4 20. Qf2
Be6 21. Ne3 Bxc4 22. Nf5 Qf6 23. Nxg7+ Qxg7 24. dxc4 Nd8 25. c5 bxc5 26.
bxc5 Ne6 27. cxd6 cxd6 28. Reb1 Nc5 29. Qf5 Ke7 30. Ra2 Qf6 31. Qxf6+ Kxf6
32. a5 Ke6 33. Rb4 Rg8 34. Kh2 Rg4 35. g3 h5 36. Rxb7 Nxb7 37. a6 Nc5 38.
a7 Rg8 39. a8=Q Rxa8 40. Rxa8 Nxe4 41. Rh8 Nxc3 42. Rxh5 d5 43. Rh8 d4 44.
Rd8 Ke7 45. Rc8 e4 46. Kg2 d3 47. Rc7+ Ke6 48. Rc6+ Kd7 49. Rc4 Ke6 50. Rd4
Ke5 51. Rd8 Nd5 52. Kf2 e3+ 53. Kf3 d2 54. Ke2 Nc3+ 55. Kxe3 d1=Q 56. Rxd1
Nxd1+ 57. Kf3 Nc3 58. g4 Ne4 59. Ke3 Nf6 60. Kf3 Nd5 61. Kg3 Nc7 62. Kf3
Ne6 63. Ke3 Nd4 64. h5 Ne6 65. Kf3 Kf6 66. Kg3 Kg5 67. Kf3 Nc5 68. Ke3 Nd7
69. Kd4 0-1

[Event "World Blitz 2023"]
[Site "Samarkand UZB"]
[Date "2023.12.29"]
[EventDate "2023.12.29"]
[Round "9.7"]
[Result "1-0"]
[White "R Praggnanandhaa"]
[Black "Levan Pantsulaia"]
[WhiteElo "2665"]
[BlackElo "2579"]
[PlyCount "98"]

1. e4 c6 2. d4 d5 3. exd5 cxd5 4. Bd3 Nc6 5. c3 e6 6. Bf4 Bd6 7. Bxd6 Qxd6
8. Nf3 Nge7 9. O-O O-O 10. Re1 f6 11. c4 b6 12. Nc3 Bd7 13. Rc1 Nb4 14. Bf1
dxc4 15. Bxc4 Rac8 16. Ne4 Qb8 17. Qb3 Nbd5 18. Qa3 Nf5 19. Ng3 Nd6 20. b3
a5 21. Qb2 Qb7 22. Qd2 Rfe8 23. h4 a4 24. h5 h6 25. Nh4 b5 26. Bf1 axb3 27.
axb3 b4 28. Rc5 Qb6 29. Rec1 Nc3 30. Rxc8 Rxc8 31. Ra1 Bc6 32. Bd3 Bd5 33.
Bc2 Nce4 34. Bxe4 Nxe4 35. Nxe4 Bxe4 36. Qe3 Bd5 37. Ng6 Qd6 38. Ra7 Rc7
39. Ra1 Rc3 40. Qe2 Rxb3 41. Qb5 Qd8 42. Qc5 Rb2 43. Ra7 Qb8 44. Rc7 Kh7
45. Nf8+ Kg8 46. Nd7 Rb1+ 47. Kh2 Qxc7+ 48. Qxc7 b3 49. Qd8+ 1-0

[Event "World Blitz 2023"]
[Site "Samarkand UZB"]
[Date "2023.12.29"]
[EventDate "2023.12.29"]
[Round "9.8"]
[Result "1/2-1/2"]
[White "Aleksandar Indjic"]
[Black "Yangyi Yu"]
[WhiteElo "2631"]
[BlackElo "2762"]
[PlyCount "28"]

1. Nf3 Nf6 2. c4 e6 3. Nc3 d5 4. e3 Be7 5. b3 O-O 6. Bb2 b6 7. g3 Bb7 8.
cxd5 Nxd5 9. Bg2 Nb4 10. d4 c5 11. O-O cxd4 12. Nxd4 Bxg2 13. Kxg2 N8c6 14.
Nxc6 1/2-1/2

[Event "World Blitz 2023"]
[Site "Samarkand UZB"]
[Date "2023.12.29"]
[EventDate "2023.12.29"]
[Round "9.10"]
[Result "1-0"]
[White "Alexey Sarana"]
[Black "Baadur Jobava"]
[WhiteElo "2707"]
[BlackElo "2599"]
[PlyCount "100"]

1. d4 Nf6 2. c4 c5 3. d5 g6 4. Nc3 d6 5. e4 Bg7 6. Bd3 O-O 7. h3 e6 8. Nf3
exd5 9. cxd5 Re8 10. O-O Nbd7 11. Bf4 c4 12. Bc2 Nc5 13. Re1 b5 14. a3 Qb6
15. e5 dxe5 16. Bxe5 Bb7 17. Qd4 Rad8 18. d6 Ncd7 19. Qxb6 axb6 20. Bd4 Bc6
21. Rad1 Rxe1+ 22. Rxe1 Bf8 23. Ne5 Nxe5 24. Bxe5 Re8 25. Re3 Nd7 26. Bg3
Rxe3 27. fxe3 f6 28. Be4 Bxe4 29. Nxe4 Kf7 30. Nc3 Ke6 31. Nxb5 Nc5 32.
Nc7+ Kd7 33. Nd5 Ne4 34. Nxb6+ Kc6 35. d7 Be7 36. Nc8 Bd8 37. Be1 Kxd7 38.
Na7 Nd6 39. Bc3 Bb6 40. Bd4 Bxd4 41. exd4 Kc7 42. a4 Kb6 43. Nb5 Nxb5 44.
axb5 Kxb5 45. Kf2 Kc6 46. Ke3 Kd5 47. h4 h5 48. g3 g5 49. g4 gxh4 50. gxh5
h3 1-0

[Event "World Blitz 2023"]
[Site "Samarkand UZB"]
[Date "2023.12.29"]
[EventDate "2023.12.29"]
[Round "9.11"]
[Result "0-1"]
[White "AR Saleh Salem"]
[Black "Chithambaram Vr Aravindh"]
[WhiteElo "2668"]
[BlackElo "2584"]
[PlyCount "204"]

1. d4 d5 2. c4 dxc4 3. Nf3 a6 4. e4 b5 5. Nc3 Bb7 6. a4 b4 7. Bxc4 e6 8.
Qb3 Nc6 9. a5 Nf6 10. O-O Be7 11. d5 exd5 12. Nxd5 O-O 13. Rd1 Nxd5 14.
Bxd5 Qc8 15. Bg5 Bxg5 16. Nxg5 Ne5 17. Qxb4 Bxd5 18. Rxd5 Rb8 19. Qc3 Ng6
20. g3 Re8 21. Rc1 h6 22. Nf3 Rxe4 23. Rc5 Qb7 24. Rc2 Re7 25. h4 Rd8 26.
h5 Nf8 27. Kg2 Ne6 28. Re5 Red7 29. Qc6 Qb3 30. Qc4 Rd3 31. Qxb3 Rxb3 32.
Nd2 Rb4 33. Nf3 Rd3 34. Rf5 Rd6 35. Re2 Rd8 36. Rc2 Rdb8 37. Rd2 Rxb2 38.
Rd7 f6 39. Re7 Re2 40. Kf1 Rbb2 41. Nh4 Rec2 42. Ng6 Rc1+ 43. Kg2 Re1 44.
Re8+ Kf7 45. Re7+ Kg8 46. Kh2 Rb8 47. Rd5 Ng5 48. Rdd7 Rxe7 49. Nxe7+ Kf8
50. Ng6+ Kg8 51. Rxc7 Ne4 52. Kg2 Rb2 53. Kf3 Ng5+ 54. Kg2 Ne4 55. Kf3 Ng5+
56. Ke3 Rb3+ 57. Ke2 Rb2+ 58. Kf1 Ne4 59. Re7 Nxf2 60. Re8+ Kf7 61. Re7+
Kg8 62. Re6 Nh1 63. g4 Ng3+ 64. Ke1 f5 65. gxf5 Nxf5 66. Rxa6 Rb5 67. Ra7
Nd4 68. a6 Ra5 69. Kd1 Nc6 70. Ra8+ Kf7 71. Nf4 Nb4 72. a7 Nc6 73. Rc8 Nxa7
74. Rc7+ Kf6 75. Ke2 Nb5 76. Rb7 Nd4+ 77. Ke3 Nf5+ 78. Kf3 Ra3+ 79. Kf2 Ng3
80. Rb5 Ne4+ 81. Kg2 Rg3+ 82. Kh2 Rg4 83. Nd5+ Ke6 84. Ne3 Rg5 85. Rxg5
Nxg5 86. Kg3 Ke5 87. Kg4 Ne4 88. Nc4+ Ke6 89. Ne3 Nf6+ 90. Kh4 Ke5 91. Nc4+
Kf4 92. Nd6 Ke5 93. Nc4+ Kf5 94. Nd6+ Ke6 95. Nc4 Nd7 96. Ne3 Ne5 97. Nc2
Nc6 98. Ne3 Ke5 99. Nc4+ Kf4 100. Nd6 Nd4 101. Nf7 Nf3+ 102. Kh3 Ng5+ 0-1

[Event "World Blitz 2023"]
[Site "Samarkand UZB"]
[Date "2023.12.29"]
[EventDate "2023.12.29"]
[Round "9.12"]
[Result "0-1"]
[White "B Adhiban"]
[Black "Anton Korobov"]
[WhiteElo "2576"]
[BlackElo "2649"]
[PlyCount "120"]

1. e4 e6 2. d4 d5 3. e5 c5 4. c3 Nc6 5. Nf3 Bd7 6. Be2 Nge7 7. Na3 cxd4 8.
cxd4 Nf5 9. Nc2 Rc8 10. O-O Qb6 11. Bd3 Nb4 12. Nxb4 Bxb4 13. a3 Be7 14.
Bxf5 exf5 15. Bg5 Bxg5 16. Nxg5 h6 17. Nf3 Qxb2 18. Rb1 Qxa3 19. Rxb7 Qa6
20. Qb1 Be6 21. Qb2 O-O 22. Ra1 Qd3 23. Rbxa7 Rc2 24. Qa3 Qe2 25. Qe3 Qxe3
26. fxe3 g5 27. h4 g4 28. Ne1 Re2 29. R7a3 Rb8 30. Kf1 Rbb2 31. Nd3 Rbd2
32. Nf4 Rf2+ 33. Kg1 Bd7 34. Rf1 Rxf1+ 35. Kxf1 g3 36. Ke1 Rb2 37. e4 dxe4
38. Rxg3+ Kf8 39. d5 Bb5 40. d6 Ke8 41. Rc3 Kd8 42. g3 Ba6 43. Rc7 e3 44.
Rc1 Rh2 45. Kd1 Bb5 46. Rc3 Rh1+ 47. Kc2 e2 48. Nxe2 Bxe2 49. Rc7 Bh5 50.
Kc3 Re1 51. Kd4 Re4+ 52. Kd5 Re3 53. Ra7 Bf3+ 54. Kd4 Re4+ 55. Kd3 Rxe5 56.
Rxf7 h5 57. Kd4 Rd5+ 58. Ke3 Bg4 59. Rf6 Kd7 60. Kf4 Rxd6 0-1

[Event "World Blitz 2023"]
[Site "Samarkand UZB"]
[Date "2023.12.29"]
[EventDate "2023.12.29"]
[Round "9.13"]
[Result "1/2-1/2"]
[White "Santosh Gujrathi Vidit"]
[Black "S L Narayanan"]
[WhiteElo "2642"]
[BlackElo "2564"]
[PlyCount "140"]

1. d4 d5 2. c4 e6 3. Nc3 c5 4. cxd5 cxd4 5. Qa4+ Bd7 6. Qxd4 exd5 7. Qxd5
Nf6 8. Qd1 Bc5 9. Nf3 O-O 10. e3 Qe7 11. Be2 Nc6 12. O-O Rfd8 13. a3 Ne5
14. Nd4 Rac8 15. Bd2 Nc6 16. Nf3 Ne5 17. Qe1 Bc6 18. Nd4 Bxd4 19. exd4 Rxd4
20. Be3 Rh4 21. f3 Ng6 22. Qf2 Rh5 23. Rfe1 Qc7 24. f4 Rf5 25. g3 h5 26.
Bd3 Ng4 27. Qd2 Rf6 28. Ne4 Bxe4 29. Bxe4 Nxe3 30. Qxe3 Qb6 31. Qxb6 Rxb6
32. Re2 Nf8 33. Bd5 Rd8 34. Bc4 Ne6 35. b3 Rbd6 36. Re5 g6 37. Rae1 Nd4 38.
Kg2 R6d7 39. Re7 Kf8 40. Rxd7 Rxd7 41. Rd1 Ke7 42. Kf2 b5 43. Bf1 a6 44.
Rd3 Nc2 45. Rxd7+ Kxd7 46. a4 Kc6 47. axb5+ axb5 48. Be2 Kc5 49. Bd1 Nd4
50. Ke3 f5 51. Kd3 b4 52. Ke3 Kd5 53. Kd3 Kc5 54. Ke3 Nb5 55. Be2 Nd6 56.
Ba6 Kb6 57. Bd3 Kc5 58. h3 Kd5 59. Be2 Kc5 60. Bf3 Nb5 61. Be2 Nd6 62. g4
hxg4 63. hxg4 fxg4 64. Bxg4 Nf5+ 65. Ke4 Nd4 66. Bd1 Nc6 67. Be2 Na5 68.
Bd1 Nc6 69. Be2 Na5 70. Bd1 Nc6 1/2-1/2

[Event "World Blitz 2023"]
[Site "Samarkand UZB"]
[Date "2023.12.29"]
[EventDate "2023.12.29"]
[Round "9.14"]
[Result "1-0"]
[White "Rauf Mamedov"]
[Black "Johan-Sebastian Christiansen"]
[WhiteElo "2635"]
[BlackElo "2541"]
[PlyCount "84"]

1. e4 e5 2. Nf3 Nc6 3. Bc4 Nf6 4. d3 h6 5. Nc3 d6 6. a4 g6 7. a5 Bg7 8. h3
O-O 9. Be3 Kh7 10. g4 Ng8 11. Rg1 Be6 12. Nd5 Nxa5 13. Rxa5 c6 14. Qa1 cxd5
15. exd5 Bd7 16. Rxa7 Rxa7 17. Qxa7 b5 18. Bb3 f5 19. gxf5 gxf5 20. Kd1 Rf7
21. Qb6 Qe7 22. Bg5 Qf8 23. Bd8 e4 24. Nd2 exd3 25. cxd3 Bxb2 26. Bc7 Be5
27. Nf3 Qe7 28. Re1 Rg7 29. Nxe5 dxe5 30. Bxe5 Qa3 31. Bc2 Re7 32. Rg1 Be8
33. Qe3 Bh5+ 34. f3 Nf6 35. Qf4 Rxe5 36. Qxe5 Bxf3+ 37. Kd2 Qb4+ 38. Kc1
Qa3+ 39. Qb2 Qxb2+ 40. Kxb2 Bxd5 41. Kc3 Be6 42. Kd4 b4 1-0

[Event "World Blitz 2023"]
[Site "Samarkand UZB"]
[Date "2023.12.29"]
[EventDate "2023.12.29"]
[Round "9.15"]
[Result "1/2-1/2"]
[White "Aleksandr Rakhmanov"]
[Black "Alexander Riazantsev"]
[WhiteElo "2521"]
[BlackElo "2621"]
[PlyCount "44"]

1. c4 e6 2. Nc3 d5 3. d4 Be7 4. Bf4 Nf6 5. a3 O-O 6. e3 b6 7. Nb5 Na6 8.
Nf3 c6 9. Nc3 Bb7 10. cxd5 exd5 11. Bd3 Nc7 12. h3 Ne6 13. Bh2 c5 14. O-O
a6 15. a4 Ne4 16. Qc2 f5 17. Rfd1 cxd4 18. exd4 Rc8 19. Qb3 Bd6 20. Bxd6
Qxd6 21. Ne2 Rc7 22. Rac1 Rfc8 1/2-1/2

[Event "World Blitz 2023"]
[Site "Samarkand UZB"]
[Date "2023.12.29"]
[EventDate "2023.12.29"]
[Round "9.16"]
[Result "1-0"]
[White "Denis Makhnev"]
[Black "Ivan Cheparinov"]
[WhiteElo "2528"]
[BlackElo "2613"]
[PlyCount "140"]

1. d4 Nf6 2. c4 e6 3. Nc3 Bb4 4. e3 O-O 5. Bd3 d5 6. a3 dxc4 7. Bxc4 Bd6 8.
Nf3 Nc6 9. O-O e5 10. h3 a6 11. Re1 h6 12. Ba2 exd4 13. exd4 Bf5 14. Ne5
Bxe5 15. dxe5 Qxd1 16. Nxd1 Nd7 17. f4 Nc5 18. Nf2 Be6 19. Be3 Na4 20. Bxe6
fxe6 21. b3 Nc3 22. g3 Nd5 23. Bc5 Rf7 24. Ne4 b6 25. Bf2 a5 26. h4 Rd8 27.
Rac1 Nce7 28. h5 Rf5 29. Red1 Re8 30. Kg2 Ref8 31. Rh1 Rd8 32. Kf3 Rdf8 33.
Ke2 Rd8 34. Rh4 Rff8 35. Rhh1 Rf5 36. Nd2 Rff8 37. Nf3 Nf5 38. Rc6 Rfe8 39.
Rhc1 Kf7 40. Nd2 Nfe7 41. R6c4 Kg8 42. Ne4 Rf8 43. Rxc7 Nxc7 44. Rxc7 Nd5
45. Rc6 Rfe8 46. Nd6 Re7 47. Kd3 Rb8 48. Kc4 Rc7 49. Rxc7 Nxc7 50. a4 Kf8
51. g4 Kg8 52. f5 exf5 53. gxf5 Kf8 54. e6 Ne8 55. Ne4 Rc8+ 56. Kd5 Rd8+
57. Ke5 Rd3 58. Bxb6 Rxb3 59. Bxa5 Ke7 60. Bd2 Kd8 61. a5 Rb5+ 62. Kf4 Ke7
63. Bc3 Kf8 64. a6 Nc7 65. a7 Rb7 66. Bd4 Kg8 67. Nd6 Rb4 68. Ke5 Ra4 69.
Bb6 Na8 70. e7 1-0

[Event "World Blitz 2023"]
[Site "Samarkand UZB"]
[Date "2023.12.29"]
[EventDate "2023.12.29"]
[Round "9.18"]
[Result "1/2-1/2"]
[White "Arseniy Nesterov"]
[Black "Dmitry Andreikin"]
[WhiteElo "2488"]
[BlackElo "2741"]
[PlyCount "48"]

1. d4 d5 2. c4 dxc4 3. Nf3 Nf6 4. e3 e6 5. Bxc4 c5 6. O-O a6 7. b3 b5 8.
Be2 Bb7 9. a4 b4 10. Bb2 Nbd7 11. Nbd2 Be7 12. Nc4 O-O 13. Nfe5 cxd4 14.
Nxd7 Nxd7 15. Bxd4 Bf6 16. Rc1 h6 17. Bxf6 Nxf6 18. Qxd8 Rfxd8 19. Na5 Be4
20. f3 Bd3 21. Bxd3 Rxd3 22. e4 Rad8 23. Nc6 Ra8 24. Na5 1/2-1/2

[Event "World Blitz 2023"]
[Site "Samarkand UZB"]
[Date "2023.12.29"]
[EventDate "2023.12.29"]
[Round "9.19"]
[Result "0-1"]
[White "Fabiano Caruana"]
[Black "Shamsiddin Vokhidov"]
[WhiteElo "2815"]
[BlackElo "2588"]
[PlyCount "96"]

1. e4 c5 2. Nf3 e6 3. d4 cxd4 4. Nxd4 Nc6 5. Nc3 Qc7 6. Be3 a6 7. Bd3 Nf6
8. Qe2 h5 9. h3 b5 10. Nxc6 Qxc6 11. e5 b4 12. exf6 bxc3 13. fxg7 Bxg7 14.
b3 Bb7 15. O-O-O d5 16. Kb1 O-O-O 17. Rhg1 e5 18. Bf5+ Kb8 19. f3 d4 20.
Bc1 Qc5 21. g4 hxg4 22. hxg4 Rh3 23. Rgf1 Rdh8 24. g5 Rh2 25. Qd3 a5 26. a4
Ka7 27. Bd7 Bd5 28. Ka1 Rb8 29. Bb5 Rbh8 30. Qf5 Be6 31. Qd3 R8h3 32. Ka2
Qb4 33. Ka1 Bxb3 34. Qf5 Be6 35. Qe4 Qc5 36. f4 Rh4 37. Rh1 Rxh1 38. Rxh1
Bd5 39. Qxd5 Qxd5 40. Rxh4 e4 41. Rh7 d3 42. Be3+ Bd4 43. Bxd4+ Qxd4 44.
Rxf7+ Kb6 45. Rf6+ Kc7 46. Rc6+ Kb7 47. Rc4 Qg1+ 48. Ka2 d2 0-1

[Event "World Blitz 2023"]
[Site "Samarkand UZB"]
[Date "2023.12.29"]
[EventDate "2023.12.29"]
[Round "9.21"]
[Result "1-0"]
[White "Vladimir Fedoseev"]
[Black "Velimir Ivic"]
[WhiteElo "2719"]
[BlackElo "2542"]
[PlyCount "52"]

1. g3 e5 2. c4 Nf6 3. Bg2 h6 4. d3 Bb4+ 5. Bd2 Bxd2+ 6. Qxd2 O-O 7. Nf3 Re8
8. O-O c6 9. c5 b6 10. Rc1 bxc5 11. Rxc5 e4 12. Ne1 Qb6 13. d4 Na6 14. Rc1
Rb8 15. b3 Nb4 16. Nc3 d6 17. Nc2 a5 18. Ne3 Ba6 19. Nf5 Re6 20. Qf4 Nbd5
21. Nxd5 cxd5 22. g4 Bxe2 23. g5 hxg5 24. Qxg5 g6 25. Bh3 Rbe8 26. Rc3 1-0

[Event "World Blitz 2023"]
[Site "Samarkand UZB"]
[Date "2023.12.29"]
[EventDate "2023.12.29"]
[Round "9.22"]
[Result "0-1"]
[White "Alexandr Predke"]
[Black "Shakhriyar Mamedyarov"]
[WhiteElo "2594"]
[BlackElo "2716"]
[PlyCount "108"]

1. d4 Nf6 2. c4 g6 3. Nc3 d5 4. cxd5 Nxd5 5. e4 Nxc3 6. bxc3 Bg7 7. Nf3 c5
8. Be2 Bg4 9. O-O cxd4 10. cxd4 Bxf3 11. Bxf3 Qxd4 12. Rb1 O-O 13. Rxb7 Nc6
14. Be3 Qc4 15. Qd5 Qa6 16. Qb5 Qxb5 17. Rxb5 Rac8 18. Rfb1 Rfd8 19. Rb7 e6
20. h4 h5 21. Rc1 a5 22. a4 Nd4 23. Rxc8 Rxc8 24. Ra7 Nc6 25. Ra6 Bc3 26.
Be2 Bb4 27. f4 Bc3 28. e5 Nd4 29. Kf2 Nf5 30. g3 Nxe3 31. Kxe3 Be1 32. Bb5
Rc3+ 33. Ke2 Bxg3 34. Rxa5 Bxf4 35. Be8 Re3+ 36. Kf2 Rxe5 37. Rxe5 Bxe5 38.
a5 Bc7 39. a6 Bb6+ 40. Kf3 Kf8 41. Bb5 Ke7 42. Ke4 Kd6 43. Be8 Ke7 44. Bb5
Ba7 45. Ba4 Bb8 46. Bb5 f5+ 47. Kd4 Kf6 48. Be8 g5 49. hxg5+ Kxg5 50. Kc5
h4 51. Kc6 Ba7 52. Kd6 Kf6 53. Bd7 e5 54. Kc6 h3 0-1

[Event "World Blitz 2023"]
[Site "Samarkand UZB"]
[Date "2023.12.29"]
[EventDate "2023.12.29"]
[Round "9.23"]
[Result "1-0"]
[White "Peter Svidler"]
[Black "Rudik Makarian"]
[WhiteElo "2689"]
[BlackElo "2540"]
[PlyCount "116"]

1. e4 c5 2. Nf3 Nc6 3. Bb5 e6 4. O-O Nd4 5. Nxd4 cxd4 6. c3 a6 7. Be2 Bc5
8. b4 Ba7 9. c4 Ne7 10. d3 O-O 11. Nd2 b5 12. a4 bxc4 13. dxc4 Bb7 14. b5
f5 15. Bf3 fxe4 16. Nxe4 Kh8 17. Ba3 Rf4 18. Ng5 Bxf3 19. Nxf3 Ng6 20. Bd6
Qf6 21. c5 Rf8 22. b6 Bb8 23. Bxf4 Nxf4 24. g3 Qg6 25. Nxd4 e5 26. Ne2 Nh3+
27. Kg2 Ng5 28. Ra3 Qc6+ 29. f3 e4 30. Nd4 Qxc5 31. Rb3 Be5 32. b7 Rb8 33.
f4 Bxd4 34. fxg5 g6 35. Qe2 Qd5 36. Rbb1 Rxb7 37. Rxb7 Qxb7 38. Qc4 Bg7 39.
Qf7 Qc8 40. Qd5 Qe8 41. Rf4 e3 42. Re4 Qc8 43. Rxe3 d6 44. Qe4 Be5 45. Rf3
Kg7 46. Qd5 Qc2+ 47. Rf2 Qc7 48. a5 Qe7 49. Rc2 Qxg5 50. Qb7+ Kh6 51. Qxa6
Bd4 52. Qc4 Qe3 53. a6 Qg1+ 54. Kh3 Qe3 55. Qe2 Qb3 56. Qe4 Be5 57. Qh4+
Kg7 58. Rc7+ 1-0

[Event "World Blitz 2023"]
[Site "Samarkand UZB"]
[Date "2023.12.29"]
[EventDate "2023.12.29"]
[Round "9.24"]
[Result "1-0"]
[White "Volodar Murzin"]
[Black "Raunak Sadhwani"]
[WhiteElo "2591"]
[BlackElo "2668"]
[PlyCount "86"]

1. d4 Nf6 2. Nf3 d5 3. Bf4 c5 4. e3 Nc6 5. Nbd2 Bg4 6. c3 e6 7. Qb3 Qc8 8.
h3 Bh5 9. Bb5 Nd7 10. O-O Be7 11. Ne5 Ndxe5 12. Bxe5 O-O 13. Bxc6 Qxc6 14.
Rfe1 Rfd8 15. Rac1 Rac8 16. a3 a5 17. Bg3 c4 18. Qc2 Bg6 19. Qd1 b5 20. h4
h6 21. Qf3 b4 22. axb4 axb4 23. e4 bxc3 24. bxc3 Bf8 25. Be5 Ra8 26. exd5
exd5 27. Nf1 Re8 28. Ne3 Be4 29. Qg3 Kh7 30. h5 Qd7 31. Nxc4 Qc6 32. Nd6
Re7 33. c4 f6 34. cxd5 Qxd5 35. Bxf6 gxf6 36. Nxe4 Qf5 37. Rc7 Rxc7 38.
Qxc7+ Bg7 39. Ng3 Qd5 40. Qc5 Rd8 41. Qc2+ Kh8 42. Nf5 Rg8 43. Ne7 1-0